Triedy v rozdelení v poistnej praxi

Saved in:
Bibliographic Details
Main Author: Horáková, Galina
Format: Book Chapter
Language:Slovak
Subjects:
Tags: Add Tag
No Tags, Be the first to tag this record!

MARC

LEADER 00000naa$a2200000$$$4500
001 0064891
005 20240502071750.1
041 0 |a slo 
044 |a SK 
245 1 0 |a Triedy v rozdelení v poistnej praxi  |c Galina Horáková 
500 |a Abstrakt 
610 2 0 |a zmluvy poistné 
610 2 0 |a modely 
610 2 0 |a škody 
100 1 |a Horáková, Galina